Anatómia človeka

Bibliographic Details
Main Author: Miklošová, Mária (Author)
Format: Book
Language:Slovak
PhysicalDescription:153 s. sch. 29 cm
Published: Bratislava Vysoká škola zdravotníctva a sociálnej práce sv. Alžbety 2006
ISBN:8089271081
Edition:1. vyd.
Subjects:

MARC

LEADER 00000nam a2200000 a 4500
001 vtls009298679
003 SK-MaSNL
005 20260301170824.0
008 240315s2006 xo l d p 000 0 slo
015 |a SNBA2008/06-02647 
020 |a 8089271081  |q (brož.) 
035 |a B56C2268-C6F3-4212-B896-4349429AA475 
035 |a urn:nbn:sk:snk-amkp5v 
035 |a urn:nbn:sk:snk-am005eln 
040 |a SNK  |b slo  |c SNK  |e AACR2 
041 0 |a slo 
044 |a xo  |c SK 
072 7 |a 611  |x Anatómia človeka a porovnávacia anatómia  |2 konspekt 
080 |a 611  |2 2001 
080 |a (075.8)  |2 2001 
100 1 |a Miklošová, Mária  |4 aut  |9 12967 
245 1 0 |a Anatómia človeka  |c Mária Miklošová 
250 |a 1. vyd. 
260 |a Bratislava  |b Vysoká škola zdravotníctva a sociálnej práce sv. Alžbety  |c 2006 
300 |a 153 s.  |b sch.  |c 29 cm 
366 |e 500 výt. 
504 |a Bibliogr. s. 153 
650 0 7 |a anatómia človeka  |2 SNKPH  |9 711 
655 7 |a učebnice vysokých škôl  |2 SNKPH  |9 70191 
919 |a 80-89271-08-1 
958 |a NB 
958 |a MI 
968 |d 61 
999 |c 828872  |d 830802 
952 |a SNK  |b SNK  |y PREZ  |7 0  |p 17A0589684  |o snkSB 76220  |i snk2008/11529  |8 0  |0 0  |1 0  |4 0  |d 2008-05-29  |f 1  |l 0  |r 2025-04-30 00:00:00  |w 2026-02-24 
952 |a SNK  |b SNK  |y VYP  |7 0  |p 17A0589685  |o snkSB 76220 D1  |i snk2008/11530  |8 0  |0 0  |1 0  |4 0  |d 2008-05-29  |l 0  |r 2026-02-24 03:29:50  |w 2026-02-24